Pays limitrophes des Pays commençant par les lettres I, J, et K - Statistiques

Statistiques générales
  • Ce quiz a été pris 348 fois
  • Le résultat moyen est 39 sur 44
Statistiques - réponses
Réponse % Correct
Royaume-Uni
98%
Chine
97%
France
97%
Iran
97%
Arabie Saoudite
96%
Irak
96%
Pakistan
96%
Suisse
95%
Syrie
95%
Ouzbékistan
94%
Turkménistan
94%
Afghanistan
93%
Israël
93%
Jordanie
93%
Malaisie
93%
Vatican
93%
Autriche
92%
Bangladesh
92%
Monténégro
92%
Népal
92%
Saint-Marin
92%
Slovénie
92%
Russie
91%
Somalie
91%
Tadjikistan
91%
Liban
90%
Macédoine
90%
Serbie
90%
Tanzanie
90%
Turquie
89%
Albanie
88%
Ethiopie
87%
Kirghizistan
87%
Bhoutan
84%
Egypte
84%
Myanmar
84%
Kazakhstan
82%
Koweït
81%
Soudan du Sud
79%
Timor Oriental
79%
Ouganda
78%
Arménie
76%
Papouasie-Nouvelle-Guinée
75%
Azerbaïdjan
74%
Aucun quiz correspondant
Distribution des résultats
% des personnes avec chaque résultat
Percentile par nombre de réponses
Votre historique - résultats
Vous n’avez pas pris ce quiz